مكتبة جامعة عجلون الوطنية

فهرس بحث المكتبة

Normal view MARC view
  • القرارات الاداارية

Entry Topical Term

Number of records used in: 1

001 - CONTROL NUMBER

  • control field: 63276

003 - CONTROL NUMBER IDENTIFIER

  • control field: JO-AjAnu

005 - DATE AND TIME OF LATEST TRANSACTION

  • control field: 20230606084329.0

008 - FIXED-LENGTH DATA ELEMENTS

  • fixed length control field: 230606|| aca||aabn | a|a d

040 ## - CATALOGING SOURCE

  • Original cataloging agency: JO-AjAnu
  • Transcribing agency: JO-AjAnu

150 ## - HEADING--TOPICAL TERM

  • Topical term or geographic name entry element: القرارات الاداارية

670 ## - SOURCE DATA FOUND

  • Source citation: Work cat.: (JO-AjAnu)32260: إعداد: الصمادي، ريم إبراهيم؛ إشراف بلال احمد المثاني, author 63275, أثر الإشاعات غلى جودة القرارات الإدارية في القطاع السياحي الأردني ،المركز الوطني للامن وإدارة الأزمات:متغير معدلThe Impact of Rumors on Quality of Administratrative Decisions in jordananian Tourism sector, National Management:as a Moderate